Rozpoznaj film po postaci #4 -Horrory - Statystyki

Ogólne statystyki
  • Ten quiz został rozwiązany 1 742 razy
  • Średni wynik to 9 z 25
Statystyki odpowiedzi
Lp. Postać Tytuł Filmu % Poprawnych
1 Freddy Krueger Koszmar z Ulicy Wiazów
86%
5 Jigsaw Piła
85%
9 Klaun Pennywise To
83%
6 Hannibal Lecter Milczenie Owiec
59%
10 Ghostface Krzyk
55%
7 Leatherface Teksańska Masakra Piłą Mechaniczną
55%
19 Ed Warren Obecność
52%
14 Sadako Yamamura Krąg
48%
2 Ksenomorf Obcy
48%
4 Michael Myers Halloween
44%
11 Jack Torrance Lśnienie
44%
15 Carrie White Carrie
40%
21 Rosemary Woodhouse Dziecko Rosemary
39%
18 Ojciec Merrin Egzorcysta
31%
8 Norman Bates Psychoza
26%
3 Damien Thorn Omen
22%
16 Ashley "Ash" J. Williams Martwe Zło
20%
13 Annie Wilkes Misery
11%
17 R.J. MacReady Coś
10%
24 Steve Freeling Duch
7%
22 Seth Brundle Mucha
5%
12 Mike Enslin 1408
4%
20 Profesor Henry Jarrod Gabinet Figur Woskowych
4%
23 Lord Summerisle Kult
2%
25 Johnny Smith Martwa Strefa
2%
Nie znaleziono quizów pasujących do podanych kryteriów
Rozkład punktacji
Procent ludzi z każdym wynikiem
Percentyl według liczby udzielonych odpowiedzi
Twoja historia wyników
Nie rozwiązałeś tego quizu